|
|
|
|
| LEADER |
00000nam a2200000Ii 4500 |
| 001 |
DIGEPUJ0476 |
| 003 |
NyNyDIG |
| 006 |
m o d |
| 007 |
cr ||||||||||| |
| 008 |
250103s2024 ck a ob 000 0 spa d |
| 035 |
|
|
|a (OCoLC)1478932070
|
| 040 |
|
|
|a DGITA
|b eng
|e rda
|e pn
|c DGITA
|
| 020 |
|
|
|a 9789587819212
|q (digital)
|
| 020 |
|
|
|z 9789587819205
|q (impreso)
|
| 041 |
0 |
|
|a spa
|a eng
|
| 050 |
1 |
4 |
|a Z40 ebook
|
| 245 |
0 |
0 |
|a Buscando las palabras while writing :
|b conversations between writing centers in Latin America and the US /
|c Glenn Hutchinson y Andrea Torres Perdigón, editores académicos.
|
| 250 |
|
|
|a Primera edición.
|
| 264 |
|
1 |
|a Bogotá :
|b Editorial Pontificia Universidad Javeriana,
|c [2024]
|
| 300 |
|
|
|a 1 online resource :
|b illustrations.
|
| 336 |
|
|
|a text
|b txt
|2 rdacontent
|
| 337 |
|
|
|a computer
|b c
|2 rdamedia
|
| 338 |
|
|
|a online resource
|b cr
|2 rdacarrier
|
| 347 |
|
|
|a text file
|2 rdaft
|
| 347 |
|
|
|b PDF
|
| 504 |
|
|
|a Includes bibliographical references.
|
| 546 |
|
|
|a Text chiefly in Spanish with two articles in English.
|
| 588 |
0 |
|
|a Online resource; title from PDF title page (Digitalia, viewed January 3, 2025)
|
| 650 |
|
0 |
|a Writing.
|
| 650 |
|
0 |
|a Writing centers.
|
| 650 |
|
0 |
|a Language and languages
|x Study and teaching.
|
| 650 |
|
0 |
|a Bilingualism.
|
| 650 |
|
0 |
|a Academic writing.
|
| 700 |
1 |
|
|a Hutchinson, Glenn,
|d 1972-
|e editor.
|
| 700 |
1 |
|
|a Torres Perdigón, Andrea,
|e editor.
|
| 791 |
2 |
|
|a Digitalia (Firm),
|e distributor.
|
| 793 |
0 |
|
|g Digitalia eBook Collection:
|a Pontificia Universidad Javeriana
|
| 776 |
0 |
8 |
|i Print version:
|t Buscando las palabras while writing.
|b Primera edición.
|d Bogotá : Editorial Pontificia Universidad Javeriana, [2024]
|z 9789587819205
|
| 856 |
4 |
0 |
|3 Digitalia Hispánica
|u https://www.digitaliapublishing.com/a/169985/
|
| 910 |
|
|
|a Premium collection: 2025
|